| 000 | 01612nam a22004217a 4500 | ||
|---|---|---|---|
| 003 | OSt | ||
| 005 | 20230706083505.0 | ||
| 008 | 170318s2016 gt||||| |||| 00| 0 spa d | ||
| 040 | _cLado V | ||
| 082 | 0 | 4 |
_a306.4 _bB793c |
| 100 |
_aBoza, Giselle _9862 _edirector |
||
| 245 | 1 | 0 |
_aContra Punto/ _bRevista de Pensamiento y Cultura/ |
| 260 |
_aCosta Rica _bSINART _c1999 |
||
| 300 |
_a47p. _c22x30cm |
||
| 490 |
_a4 _v1999 _x1409-3286 |
||
| 505 | _aUna Maestra en Harlem | ||
| 505 | _aFlorencia del Castillo y la democracia educativa | ||
| 505 | _aTemas Debate | ||
| 505 | _a¿Qué es Centroamérica? | ||
| 505 | _aEl Informe Estado de la Región en Desarrollo Humano Sostenible | ||
| 505 | _aMundialización y Desarrollo Humano | ||
| 505 | _aLa mujer alma del campo | ||
| 505 | _aPlanificación urbana y desregularización | ||
| 505 | _aCosta Rica y la integración centroamericana | ||
| 505 | _aLa sociedad civil en el proceso de transición democrática centroamericana | ||
| 505 | _aCuentas que no rinden | ||
| 505 | _aEl entorno del Desarrollo Nacional | ||
| 505 | _aUn proceso de paz bajo fuego cruzado | ||
| 505 | _aDemocracia, derechos humanos y ¨poder originario¨ | ||
| 505 | _aLibros | ||
| 650 |
_2Tesauro de Arte & Arquitectura _aPOLITICA |
||
| 650 |
_2Tesauro de Arte & Arquitectura _aCULTURA |
||
| 650 |
_2Tesauro de Arte & Arquitectura _aLITERATURA |
||
| 650 |
_2Tesauro de Arte & Arquitectura _aFILOSOFIA |
||
| 650 |
_2Tesauro de Arte & Arquitectura _aCRITICA |
||
| 700 | 1 |
_aSvankmajer. _eilustrador. _95749 |
|
| 942 |
_2ddc _c1 _h306.4 _iB793c _n0 |
||
| 999 |
_c3977 _d3977 |
||